Central Library OPAC University of Rajshahi

The independence of East Bengal : (Record no. 25897)

MARC details
000 -LEADER
fixed length control field 00789nam a2200253 a 4500
001 - CONTROL NUMBER
control field 25897
003 - CONTROL NUMBER IDENTIFIER
rucl marc code BD-RjUL
005 - DATE AND TIME OF LATEST TRANSACTION
control field 20211209050937.0
008 - FIXED-LENGTH DATA ELEMENTS--GENERAL INFORMATION
fixed length control field 140319s1984 bg b 000 0 eng
035 ## - SYSTEM CONTROL NUMBER
System control number (BD-RjUL)25967
040 ## - CATALOGING SOURCE
Original cataloging agency DLC
Transcribing agency DLC
Modifying agency DLC
-- BD-RjUL
Language of cataloging eng
041 ## - LANGUAGE CODE
Language code of text/sound track or separate title eng
082 00 - DEWEY DECIMAL CLASSIFICATION NUMBER
Classification number 954.92
Edition number 19
Author mark and year CHI 1984
100 1# - MAIN ENTRY--PERSONAL NAME
Personal name Choudhury, A. K.
9 (RLIN) 79579
245 14 - TITLE STATEMENT
Title The independence of East Bengal :
Remainder of title a historical process /
Statement of responsibility, etc. A.K. Choudhury.
250 ## - EDITION STATEMENT
Edition statement 1st ed.
260 ## - PUBLICATION, DISTRIBUTION, ETC. (IMPRINT)
Place of publication, distribution, etc. Dhaka, Bangladesh :
Name of publisher, distributor, etc. Distributors, Jatiya Grantha Kendra,
Date of publication, distribution, etc. 1984.
300 ## - PHYSICAL DESCRIPTION
Pagination viii, 284, xiii p. ;
Size 23 cm.
504 ## - BIBLIOGRAPHY, ETC. NOTE
Bibliography, etc Includes bibliographical references.
651 #0 - SUBJECT ADDED ENTRY--GEOGRAPHIC NAME
Geographic name Bangladesh
General subdivision Politics and government.
9 (RLIN) 79580
942 ## - ADDED ENTRY ELEMENTS (KOHA)
Source of classification or shelving scheme Dewey Decimal Classification
Koha item type Books
Holdings
Lost status Source of classification or shelving scheme Damaged status Not for loan Collection code Permanent Location Current Location Shelving location Date acquired Source of acquisition Cost, normal purchase price Total Checkouts Total Renewals Full call number Date last seen Date checked out Copy number Koha item type
  Dewey Decimal Classification     Non-fiction Central Library, University of Rajshahi Central Library, University of Rajshahi   11/05/1986 Authers 120.00 3 1 954.92 CHI 1984 29/08/2019 30/06/2019 C-4 Books
  Dewey Decimal Classification     Non-fiction Central Library, University of Rajshahi Central Library, University of Rajshahi   11/05/1986 Authers 120.00     954.92 CHI 1984 19/03/2014   C-6 Books
  Dewey Decimal Classification   Added to bundle Non-fiction Central Library, University of Rajshahi Central Library, University of Rajshahi   11/05/1986 Authers 120.00     954.92 CHI 1984 19/03/2014   C-1 Books
  Dewey Decimal Classification     Non-fiction Central Library, University of Rajshahi Central Library, University of Rajshahi   11/05/1986 Authers 120.00     954.92 CHI 1984 19/03/2014   C-5 Books
  Dewey Decimal Classification     Non-fiction Central Library, University of Rajshahi Central Library, University of Rajshahi   07/04/1984 Book and periodicals 100.00     954.92 CHI 1984 06/03/2017   C-2 Books